Städte in Norwegen - Sudden Death - Statistiken

Allgemein
  • Dieses Quiz wurde 211 mal gespielt
  • Das Durchschnittsergebnis liegt bei 8 aus 16
Answers on the Grid
Answers color-coded by a green-red scale on the quiz's grid according to % correct below.
Oslo
Bergen
Trondheim
Stavanger
Hammerfest
Narvik
Tromsø
Ålesund
Lillehammer
Bodø
Kristiansand
Lund
Akureyri
Rovaniemi
Luleå
Uppsala
Sundsvall
Aalborg
Sønderborg
Næstved
Nuuk
Sarpsborg
Fredericia
Rauma
Narwa
Valmiera
Drammen
Skien
Tønsberg
Molde
 
Antwortstatistiken
Antwort % Korrekt
Oslo
87%
Bergen
77%
Trondheim
74%
Lillehammer
71%
Tromsø
67%
Hammerfest
64%
Stavanger
64%
Bodø
60%
Kristiansand
50%
Drammen
44%
Molde
43%
Ålesund
39%
Narvik
37%
Tønsberg
31%
Skien
21%
Sarpsborg
18%
Keine übereinstimmenden Quizze gefunden
Verteilung der Resultate
Anzahl Personen mit jedem Resultat
Perzentil nach korrekt beantworteten Fragen
Ihre Resultats-Entwicklung
Sie haben dieses Quiz noch nicht gespielt